| 000 | 00843nam a2200265 4500 | ||
|---|---|---|---|
| 003 | OSt | ||
| 005 | 20260601193842.0 | ||
| 008 | 260421b1979 sp |||| |||| 00| 0 spa d | ||
| 020 | _a8425209609 | ||
| 040 |
_aICI _bspa _cICI |
||
| 050 |
_aQH541 _bB66 1979 |
||
| 100 | _aBosquet, Michel, | ||
| 240 | 1 |
_aEcole et liberte _lEspañol |
|
| 245 | 1 |
_aEcologia y libertad : _bTécnica, técnicos y lucha de clases / _cMichel bosquet ; vers. castellana de Joan giner |
|
| 264 |
_bGustavo Gili, _cc1979 _aBarcelona : |
||
| 300 |
_a138 páginas _c20 cm |
||
| 336 |
_atexto _2rdacontent |
||
| 337 |
_asin medio _2rdamedia |
||
| 338 |
_avolumen _2rdacarrier |
||
| 490 | 0 | _aColeccion tecnologia y sociedad | |
| 650 | _aEcología | ||
| 700 |
_aGiner, Joan, _etraductor |
||
| 700 | 1 |
_aBosquet, Michel. _tEcole et liberte _iTraducción de: |
|
| 942 |
_2lcc _cB |
||
| 999 |
_c21473 _d21473 |
||